000 00624nam a2200193Ia 4500
003 GCL
008 140319s9999 xx 000 0 ara d
040 _aGCL /
_cGCL
082 0 4 _a214
_bم ت
100 1 _aمنير محمد طاهر الشواف
245 1 0 _aتهافت القرءاة المعاصرة /
_cمنير محمد طاهر الشواف
260 _aتركيا :
_bالشواف للنشر والدراسات ،
_c1993
300 _a627 ص ؛
_c24 سم
490 _a
650 0 4 _aالاسلام
650 0 4 _aالثقافة الاسلامية
650 0 4 _aالفقه الاسلامى
942 _2ddc
_cBK
999 _c54633
_d54633